000 00702cam a22002415A 4500
001 ##L125952
002 L125952
008 040426S1999 xxk f 000 0 eng d
020 _a0117021571
035 _a(Sirsi) u125952
041 0 _aeng
050 0 4 _a692.5 $2 18
110 2 _aTarmac Services
_94808
245 0 0 _aPSA schedule of rates for decoration work
250 _a6th ed.
260 _aLondon
_bStationery Office
_c1999
300 _a63p.
_c30cm.
350 _a45
520 _aSuperseded by seventh edition (ISBN 0117031946). Supersedes 1980 edition (D4552).
690 _aBUILT ENVIRONMENT-BUILDING COSTS
710 1 0 _aUnited Kingdom
_bProperty Services Agency
_91138
942 _n0
999 _c103523
_d103523